| 000 | 01143cam a22002771a 4500 | ||
|---|---|---|---|
| 999 |
_c233680 _d233680 |
||
| 001 | 5882086 | ||
| 003 | Nust | ||
| 005 | 20170310093923.0 | ||
| 008 | 900831s1910 nyu 000 1 eng | ||
| 010 | _a 10010578 | ||
| 020 | _a9781847560797 | ||
| 035 | _a(OCoLC)22303757 | ||
| 040 |
_aDLC _cOU _dCSdU _dDLC _ebdrb _dDLC |
||
| 042 | _apremarc | ||
| 050 | 0 | 0 |
_aPZ3.W6738 _bA |
| 082 |
_a823.92 _bMAR |
||
| 100 | 1 | _aScott Mariani; | |
| 245 | 1 | 4 |
_aThe alchemist's secret / _cby Scott Mariani; |
| 260 |
_aNew York : _bP.J. Kenedy & Sons ..., _c2007. |
||
| 300 |
_a486 p. _c20 cm. |
||
| 505 | 0 | _aThe passing of Tony -- The tramp -- "He hath put down the mighty" -- A memorable Christmas morning -- Nancy's tale -- Patsy -- Three evenings in a life -- The eleventh hour -- The story of Julie Benoit -- Peter -- God's way. | |
| 530 | _aAlso available in digital form. | ||
| 650 |
_aMurder _vFiction |
||
| 710 | 2 |
_aP.J. Kenedy & Sons. _4pbl |
|
| 856 | 4 | 1 | _uhttp://hdl.loc.gov/loc.gdc/scd0001.00022913244 |
| 906 |
_a7 _bcbc _coclcrpl _du _encip _f19 _gy-gencatlg |
||
| 942 |
_2ddc _cBK |
||